Top 20 reprezentacji w siatkówkę mężczyzn - Statystyki

Ogólne statystyki
  • Ten quiz został rozwiązany 122 razy
  • Średni wynik to 17 z 20
Statystyki odpowiedzi
Miejsce Odpowiedź % Poprawnych
1. Polska
100%
3. Brazylia
98%
4. Francja
98%
5. Stany Zjednoczone
98%
2. Włochy
97%
11. Niemcy
94%
8. Argentyna
93%
7. Japonia
93%
10. Kanada
92%
20. Holandia
88%
9. Bułgaria
86%
18. Czechy
86%
6. Słowenia
85%
15. Belgia
82%
13. Serbia
81%
14. Turcja
76%
12. Kuba
75%
17. Ukraina
75%
16. Iran
74%
19. Finlandia
51%
Nie znaleziono quizów pasujących do podanych kryteriów
Rozkład punktacji
Procent ludzi z każdym wynikiem
Percentyl według liczby udzielonych odpowiedzi
Twoja historia wyników
Nie rozwiązałeś tego quizu